000
00306nam a22001457a 4500
008
221108b ||||| |||| 00| 0 eng d
020
_a
9780849912917
041
_a
eng
080
_a
159.9
082
_a
159.9 OS
100
_a
25
101
_a
PSI
245
_a
THE CALL
_c
OS GUINNESS
942
_2
udc
_c
BK
999
_c
58792
_d
58792